Fun with database

Bibliographic Details
Main Author: Iskandar Ab Rashid
Other Authors: Zaitun Ismail
Format: Book
Published: Selangor : Venton Publishing , 2005
Series:ICT Series
Subjects:

MARC

LEADER 00000cam a2200000 7i4500
001 0000006912
005 20151222.0
008 070827
020 |a 9832661811 
090 0 0 |a COM   |b ENG 
100 0 |a Iskandar Ab Rashid 
245 1 0 |a Fun with database   |c Iskandar Ab Rashid dan Zaitun Ismail 
260 |a Selangor :   |b Venton Publishing ,   |c 2005 
440 |a ICT Series 
500 |a Children ages 10-12 years old (pink) 
650 0 |a Computer   |x Study and teaching 
650 0 |a Database   |x Juvenile literature 
700 1 |a Zaitun Ismail 
999 |a 0000986567   |b Book   |c Children Collection   |e Perbadanan Perpustakaan Awam Johor 
999 |a 0000986568   |b Book   |c Children Collection   |e Cawangan Sri Merlong 
999 |a 0000986569   |b Book   |c Children Collection   |e Cawangan Batu Pahat 
999 |a 0000986570   |b Book   |c Children Collection   |e Cawangan Batu Pahat 
999 |a 0000986571   |b Book   |c Children Collection   |e Cawangan Sri Merlong 
999 |a 0001002696   |b Book   |c Children Collection   |e Cawangan Muar